| 000 | 00739nam a2200205 a 4500 | ||
|---|---|---|---|
| 001 | 000042471 | ||
| 005 | 20201002040158.0 | ||
| 008 | 131204s1986 ag a 000 0 spa d | ||
| 020 | _a950038678X | ||
| 040 |
_aDO-SdBNP _bspa _cBNPHU |
||
| 082 |
_axxx _bxxx |
||
| 100 | 1 |
_aEinstein, Albert _d1879-1955 _931143 |
|
| 245 | 1 | 3 |
_aLa física : Aventura del pensamiento : _bel desarrollo de las ideas desde los primeros conceptos hasta la relatividad y los cuantos / _cAlbert Einstein y Leopold Infeld ; traducción Leopold Infeld. |
| 250 | _a[4ª ed.] | ||
| 260 |
_aBuenos Aires : _bLosada, _c1986. |
||
| 300 |
_a254 p. : _bil. ; _c20 cm. |
||
| 490 | 1 | _aCiencia y vida | |
| 700 | 1 | 2 |
_aInfeld, Leopold _etr. _927360 |
| 830 | 0 |
_aCiencia y vida _953475 |
|
| 999 |
_c41960 _d41960 |
||